000 00402pab a2200157 454500
008 180718b2005 xxu||||| |||| 00| 0 eng d
100 _aManring, Nancy J.
245 _aThe politics of accountability in national forest planning
260 _c2005
300 _ap.57-88.
362 _aMar
650 _aAccountability
650 _aForests
773 _aAdministration and Society
909 _a64284
999 _c64284
_d64284